Bio-mímesis : renovación urbana en el Distrito Hospital de San José
Guardado en:
| 主要作者: | |
|---|---|
| 其他作者: | |
| 格式: | 未知 |
| 語言: | Spanish |
| 出版: |
[San José, Costa Rica],
2013
|
| 主題: | |
| 在線閱讀: | https://cedi.ucr.ac.cr/arquitectura/bio-mimesis-renovacion-urbana-en-el-distrito-hospital-de-san-jose/ |
| 標簽: |
添加標簽
沒有標簽, 成為第一個標記此記錄!
|
MARC
| LEADER | 00000 a2200000 4500 | ||
|---|---|---|---|
| 003 | EA0043 | ||
| 005 | 20230704150955.0 | ||
| 008 | 140114s2013 cr a 000 ||spa d | ||
| 040 | |c cru CEDI | ||
| 090 | |a TFG EA-043 | ||
| 100 | |a Boniche Villalobos, José Pablo |9 19999 | ||
| 245 | |a Bio-mímesis : renovación urbana en el Distrito Hospital de San José | ||
| 260 | |a [San José, Costa Rica], |c 2013 | ||
| 500 | |a Proyecto de graduación (licenciatura en arquitectura)--Universidad de Costa Rica. Facultad de Ingeniería. Escuela de Arquitectura, | ||
| 501 | |a Director de Proyecto de Graduación: Arq. Rolando Barahona Sotela | ||
| 650 | |x ARQUITECTURA MIMETICA - DISEÑOS Y PLANOS |x DISEÑO ARQUITECTONICO - ASPECTOS AMBIENTALES |x IMAGEN DE LA CIUDAD |9 20000 | ||
| 700 | |9 79 |a Barahona Sotela, Rolando, 1944- |d Director del TFG | ||
| 856 | |u https://cedi.ucr.ac.cr/arquitectura/bio-mimesis-renovacion-urbana-en-el-distrito-hospital-de-san-jose/ |y https://cedi.ucr.ac.cr/arquitectura/bio-mimesis-renovacion-urbana-en-el-distrito-hospital-de-san-jose/ | ||
| 942 | |c CEDI |2 ddc | ||
| 999 | |c 12969 |d 12969 | ||
